Statistics for Name a Valid Champions League Team by Country

Click here to take the quiz!

General Stats

  • This quiz has been taken 82 times
    (6 since last reset)
  • The average score is 20 of 33

Answer Stats

Country Teams % Correct
SwitzerlandBasel | Grasshopper | Thun | Young Boys | Zürich
100%
CroatiaDinamo Zagreb | Hajduk Split
100%
UkraineDynamo Kyiv | Shakhtar Donetsk
83%
Germany1899 Hoffenheim | Bayer Leverkusen | Bayern Munich | Borussia Dortmund | + 8 more
83%
SwedenAIK | Helsingborg | IFK Göteborg | Malmö
83%
SpainAthletic Bilbao | Atlético Madrid | Barcelona | Celta Vigo | + 9 more
83%
ScotlandCeltic | Rangers
83%
RussiaCSKA Moscow | Lokomotiv Moscow | Rostov | Rubin Kazan | + 3 more
83%
PortugalBenfica | Boavista | Braga | Porto | Sporting CP
83%
NetherlandsAjax | AZ Alkmaar | Feyenoord | Heerenveen | PSV Eindhoven | Twente | Willem II
83%
GreeceAEK Athens | Olympiacos | Panathinaikos
83%
ItalyAtalanta | Fiorentina | Inter Milan | Juventus | Lazio | AC Milan | + 4 more
83%
FranceAuxerre | Bordeaux | Lens | Lille | Olympique Lyonnais | + 5 more
83%
DenmarkAalborg | Brøndby | Copenhagen | Nordsjælland
83%
BelgiumAnderlecht | Club Brugge | Genk | Gent | Lierse | Standard Liège
83%
EnglandArsenal | Blackburn Rovers | Chelsea | Leeds United | Leicester City | + 5 more
83%
TurkeyBeşiktaş | Bursaspor | Fenerbahçe | Galatasaray | Trabzonspor
67%
IsraelHapoel Tel Aviv | Maccabi Haifa | Maccabi Tel Aviv
67%
SerbiaCrvena zvezda | Partizan
67%
NorwayMolde | Rosenburg
67%
Czech RepublicSlavia Prague | Sparta Prague | Viktoria Plzeň
67%
AustriaRapid Wien | Red Bull Salzburg | Sturm Graz
50%
KazakhstanAstana
50%
PolandLegia Warsaw | Widzew Łódź
33%
BulgariaLevski Sofia | Ludogorets Razgrad
33%
FinlandHJK Helsinki
17%
CyprusAnorthosis Famagusta | APOEL
17%
AzerbaijanQarabağ
17%
BelarusBATE Borisov
17%
HungaryDebrecen | Ferencváros
17%
RomaniaCFR Cluj | FCSB | Oțelul Galați | Unirea Urziceni
17%
SlovakiaKošice | Petržalka | Žilina
0%
SloveniaMaribor
0%

Score Distribution

Percentile by Number Answered

Percent of People with Each Score

Your Score History

You have not taken this quiz since the last reset